[Event "RUS-chT Premier League 2018"]
[Site "Sochi"]
[Date "2018.05.08"]
[Round "7"]
[White "Rodshtein, Maxim"]
[Black "Natacheev, Peter"]
[Result "1-0"]
[WhiteElo "2678"]
[BlackElo "2243"]
[Annotator "TA"]
[PlyCount "71"]
[EventDate "2018.??.??"]
[EventCountry "RUS"]
[SourceTitle "playchess.com"]
[Source "ChessBase"]
[SourceQuality "1"]

{[%evp 16,71,36,39,46,38,46,35,31,21,40,15,66,68,97,97,87,60,127,133,143,137,128,120,146,146,144,112,114,121,169,175,172,170,171,169,162,141,204,203,251,237,311,305,283,131,147,0,283,283,281,281,607,602,1145,1147,1935,1882]} 1. c4 e5 2. Nc3 Nf6 3. g3 g6 4. Bg2 Bg7 5. Nf3 d6 6. d4 Nbd7 7. O-O O-O 8. b3 Re8 9. e4 {LiveBook: 70 Games. E67: King's Indian: Fianchetto: 6...Nbd7} b6 (9... exd4 10. Nxd4 Nc5 11. f3 a5 12. Be3 Nfd7 13. Qc2 f5 14. Rad1 fxe4 15. fxe4 c6 16. h3 Qe7 17. Kh2 Ne5 18. Qd2 Ne6 19. Nde2 a4 {½-½ (36) Mamedyarov,S (2799)-Demchenko,A (2660) Riadh 2017}) 10. d5 $146 ({Predecessor:} 10. Bb2 Bb7 11. d5 a5 12. Nd2 Nc5 13. Qc2 Bc8 14. a3 Nh5 15. b4 Nb7 16. Ne2 f5 {1-0 (50) Keres,P-Eliskases,E Prague 1937}) 10... Nc5 11. Ne1 {White is slightly better.} a5 12. Rb1 Nh5 13. Bf3 Bh3 (13... Nf6 $11) 14. Bxh5 $14 {aiming for Be2.} Bxf1 15. Kxf1 {And now Bf3 would win.} gxh5 16. Qxh5 Qf6 (16... Rf8 $1 $14) 17. Ng2 $1 $16 {[%cal Be1g2,Bg2e3,Be3f5][%mdl 1056] White has strong compensation.} Qg6 18. Qf3 Bf6 19. h4 $1 h5 20. Ne3 $1 Nd7 {[%cal Bc5d7,Bd7f6,Bf6g4][%mdl 32]} 21. Ke2 Bg7 22. Nf5 Nf6 23. Nb5 $1 {[%cal Rb5c7,Bc3b5,Bb5a7,Ba7c6][%mdl 32]} Rac8 24. Bg5 Ng4 25. Na7 Ra8 26. Nc6 $36 {[%mdl 2048] White is in control.} Bf8 (26... Kh8 $16 {was worth a try.} 27. Kd3 f6) 27. Rg1 $18 f6 28. Bd2 Kf7 29. Qh1 Bh6 {[#]} 30. Bc3 (30. f3 $1 $18 {and the rest is easy.}) 30... Bg7 31. Bd2 (31. f3 $16 Nh6 32. Qh3) 31... Bh6 $1 {[#]} 32. f3 $1 {[%cal Bf2f3,Bf3g4,Bg4g5,Bg5g6][%mdl 32]} Bxd2 33. fxg4 ({Not} 33. Kxd2 Nh6 $14) 33... Bb4 $2 {[#]} (33... Bh6 34. g5 Bf8 35. gxf6 a4) 34. g5 $1 {[%mdl 512] White is clearly winning.} Qh7 (34... fxg5 35. Rf1) 35. Rf1 Kg8 {[#]} 36. g6 $1 {[%mdl 512] Precision: White = 76%, Black = 49%.} 1-0

[Event "RUS-chT Premier League 2018"]
[Site "Sochi"]
[Date "2018.05.08"]
[Round "7"]
[White "Kamsky, Gata"]
[Black "Shirov, Alexei"]
[Result "1/2-1/2"]
[WhiteElo "2670"]
[BlackElo "2652"]
[Annotator "TA"]
[PlyCount "151"]
[EventDate "2018.??.??"]
[EventCountry "RUS"]
[SourceTitle "playchess.com"]
[Source "ChessBase"]
[SourceQuality "1"]

{[%evp 16,151,-7,-3,64,30,33,22,50,39,49,34,45,-9,-9,-9,-5,-12,-3,0,0,-25,-12,-5,0,-33,-29,-25,-26,-27,-20,-15,-17,-37,-42,-43,-42,-45,-45,-54,-47,-47,-47,-47,-47,-66,-50,-62,-65,-64,-52,-81,-83,-82,-81,-80,-24,-82,0,-12,0,-75,-75,-83,-65,-73,-64,-65,-60,-53,-33,-27,-27,-27,-27,-27,-27,-27,-27,-27,-27,-27,-29,-34,-15,-22,-35,-43,-43,-63,-62,-105,-105,-105,-105,-105,-105,-105,-105,-105,-105,-105,-105,-105,-83,-83,0,0,0,0,0,-41,-41,-41,-41,-41,-41,-41,-41,-41,-41,-41,-41,-41,-41,-41,-41,-41,0,0,0,0,0,0,0,0,0,0]} 1. e4 e5 2. Nf3 Nc6 3. Nc3 Nf6 4. g3 Bc5 5. Bg2 d6 6. d3 a6 7. O-O h6 8. h3 Be6 9. Kh2 {LiveBook: 8 Games. C26: Vienna Game: 2...Nf6, sidelines} (9. Be3 Bxe3 10. fxe3 O-O 11. Nh4 g6 12. d4 Nh5 13. d5 Nxg3 14. Nf3 Nxf1 15. Qxf1 Bd7 16. dxc6 bxc6 {0-1 (26) Amonatov,F (2636)-Sargissian,G (2672) Riadh 2017}) 9... d5 $146 (9... Ba7 $11) ({Predecessor:} 9... g5 10. Nd2 Qd7 11. Nb3 Bxb3 12. axb3 O-O-O 13. Be3 Rdg8 14. Na4 Bd4 15. Qd2 Rg6 16. Nc3 Rhg8 {1-0 (66) Galego,L (2511)-Roselli Mailhe,B (2426) Sao Paulo 2002}) 10. exd5 (10. Nxe5 $5 Nxe5 11. d4 $11) 10... Nxd5 {[#]} 11. Nxe5 $1 {[%mdl 512] White is slightly better.} Nxe5 12. d4 $1 Nxc3 13. bxc3 Qf6 14. dxc5 (14. dxe5 $14 Qxe5 15. Bxb7) 14... Rd8 $36 {[%mdl 2048] Black has good play.} 15. Qh5 $1 g6 16. Qh4 $1 {[%cal Rh4f6]} Nf3+ $1 17. Bxf3 $1 Qxf3 18. Qf4 Qxf4 ({Much weaker is} 18... Qxc3 $6 19. Rb1 $16) 19. Bxf4 Kd7 20. Be5 Rhe8 {[%mdl 1024] Black has compensation.} 21. Bf6 {Threatens to win with Rad1+.} Rb8 22. Rfe1 Kc6 23. Bd4 h5 24. Re3 Bd5 25. a3 Rxe3 26. Bxe3 $15 {[%mdl 4096] Endgame KRB-KRB} Bf3 27. g4 hxg4 {...Rh8 is the strong threat.} 28. Kg3 f5 29. hxg4 fxg4 30. Rb1 a5 31. c4 Rf8 32. Re1 Rd8 33. Bf4 Rh8 {[%csl Gg4][%cal Rh8h3]} 34. Be3 Rh5 35. Kf4 Rf5+ 36. Kg3 Rh5 (36... Re5 $1 $17) 37. Kf4 $1 $11 Rf5+ ({Black should try} 37... Kd7 $11) 38. Kg3 $17 Re5 $1 39. Rb1 Rh5 40. Kf4 Rf5+ 41. Kg3 Be2 {Strongly threatening ...Rf3+.} 42. Re1 $1 {[%cal Re1e2]} Rf3+ 43. Kh4 Rh3+ 44. Kg5 Bxc4 45. Kxg4 Be6+ 46. Kg5 Bf5 47. c4 Rh5+ 48. Kf6 Rh4 49. Rc1 a4 50. Kg5 Rg4+ 51. Kf6 Bd3 52. Rd1 Bxc4 53. Rd4 Rxd4 54. Bxd4 {[#] KB-KB} Kd5 $1 {[%cal Rd5d4]} 55. Be3 Bd3 56. Bf4 {[#]} c6 $1 57. Be3 Bf5 58. f3 {[%cal Bf2f3,Bf3f4,Bf4f5,Bf5f6][%mdl 32]} Bd3 59. Bf2 Be2 60. Kxg6 Kc4 (60... Bxf3 $17 61. Kf5 Be4+ 62. Kf6 Kc4) 61. f4 $11 Kb3 62. f5 Bd3 ({Much less strong is} 62... Kxa3 63. Kg7 $17) 63. Kf6 Kxa3 64. Ke5 $1 Kb3 65. f6 {Hoping for f7.} Bg6 66. Kd6 Kc4 67. Bg3 a3 68. Be5 Bf7 69. Ba1 Kb5 70. Bd4 Bg8 71. Ba1 b6 72. cxb6 {The position is equal.} Kxb6 73. Ke5 Kc5 74. Ke4 Kc4 75. Ke3 Kb3 76. Kd4 {Precision: White = 72%, Black = 71%.} 1/2-1/2

[Event "RUS-chT Premier League 2018"]
[Site "Sochi"]
[Date "2018.05.08"]
[Round "7"]
[White "Najer, Evgeniy"]
[Black "Lobanov, Sergei"]
[Result "1/2-1/2"]
[WhiteElo "2667"]
[BlackElo "2515"]
[Annotator "TA"]
[PlyCount "145"]
[EventDate "2018.??.??"]
[EventCountry "RUS"]
[SourceTitle "playchess.com"]
[Source "ChessBase"]
[SourceQuality "1"]

{[%evp 19,145,27,28,35,61,53,53,52,59,53,59,70,87,81,75,-41,-25,-93,-87,-113,-117,-101,-114,-99,-102,-179,-159,-163,-83,-208,-43,-31,-50,-92,-78,-64,-64,-56,-80,-68,-82,-154,-154,-200,-175,-187,-185,-201,-183,-202,-179,-184,-163,-246,-212,-206,-155,-310,-310,-310,-313,-273,-194,-204,-154,-162,-155,-145,-90,-141,-73,-154,-143,-152,-73,-73,-73,-152,-73,-73,-73,-73,-73,-73,-56,-56,-56,-56,-56,-80,-56,-56,0,0,0,0,0,0,0,0,0,-8,0,0,0,0,0,0,0,0,0,0,0,0,0,0,0,0,0,0,0,0,0,0,0,0,0,0]} 1. e4 c6 2. d4 d5 3. e5 Bf5 4. Nf3 e6 5. Be2 Nd7 6. O-O h6 7. Nbd2 Ne7 {B12: Caro-Kann: Advance Variation} 8. Nb3 g5 (8... Qc7 9. c3 Bh7 10. Bd3 Bxd3 11. Qxd3 c5 12. Nxc5 Nxc5 13. dxc5 Qxc5 14. Be3 {½-½ (70) Carlsen,M (2832)-So,W (2815) chess.com INT 2017}) 9. Bd2 Qc7 10. a4 a5 {LiveBook: 38 Games} 11. c3 Bg7 12. Ne1 c5 13. Bb5 Nc6 14. f4 c4 15. Nc1 {[#]} O-O-O $146 16. b3 Nb6 17. fxg5 (17. Ne2 $16) 17... hxg5 $15 18. Bxg5 (18. Bxc6 $1 $11 Qxc6 19. Bxg5) 18... f6 $1 $17 {[%cal Rf6g5]} 19. Bf4 ({Reject} 19. exf6 Qxh2+ 20. Kf2 Rh3 $11) 19... fxe5 20. Bg3 Rdg8 21. Bxc6 Qxc6 22. dxe5 (22. Nf3 $17) 22... Bh6 23. Bf4 Nd7 (23... Bxf4 24. Rxf4 Qc7 25. Qd4 $15) (23... Qc7 $1 $19 {[%cal Rc7h7]} 24. Bxh6 Rxh6) 24. Qd4 (24. bxc4 $17 Bxf4 25. Rxf4 Qb6+ 26. c5 $1 {[%mdl 512]}) 24... Be4 $2 (24... Bf8 $1 $19 {[%cal Rf8c5]} 25. Kh1 Rh4 26. bxc4 dxc4) 25. Bxh6 $15 Rxh6 26. Ra2 Qc7 27. Raf2 Qxe5 28. Qxe5 Nxe5 29. bxc4 Nxc4 30. Ned3 (30. Nb3 $142) 30... Rhh8 $40 {[%mdl 128] Black wants a kill.} 31. Nc5 {[#]} Bxg2 $1 {[%mdl 512]} 32. Rxg2 Rxg2+ 33. Kxg2 Ne3+ 34. Kf2 Nxf1 35. Kxf1 Rxh2 36. Ne2 (36. Ke1 $142) 36... e5 $19 37. Nd3 Rh5 38. Ng3 $2 (38. c4 $17) 38... Rg5 39. Kf2 Kc7 40. Nf1 Kd6 41. Ne3 Rg8 42. Ke2 Rh8 43. Nf2 Rc8 {[#]} ({Black should play} 43... e4 44. Nfg4 Rf8) 44. Kd2 ({Better is} 44. c4 $1 {[%mdl 512]}) 44... e4 (44... Ke6 $142 45. Nh3 Rg8) 45. Nf5+ {[#]} (45. Nfd1 $142) 45... Ke5 $1 $17 {[%cal Re5f5]} 46. Ne3 Rd8 (46... Rh8 $142 47. Neg4+ Kf5 48. Ne3+ Ke6) 47. Nc2 Rg8 48. Ne3 (48. Nd1 $142) 48... Rg1 (48... d4 $142 49. cxd4+ Kxd4 50. Nc2+ Ke5) 49. Nfg4+ Ke6 50. Kc2 Re1 51. Kb3 Re2 52. Nc2 $1 {[%cal Rc2d4]} Rd2 {aiming for ...Kf5.} (52... Rg2 {seems wilder.} 53. Nd4+ Kd6 54. Nb5+ Kc5 55. Ne3 Rf2) 53. Nd4+ Kd6 54. Nc2 Kc5 {And now ...b5 would win.} 55. Nd4 Rxd4 (55... Rd3 $15) 56. cxd4+ $11 {The position is equal.} Kxd4 $15 {[%mdl 4096] Endgame Strongly threatening ...Kd3. KN-KP} 57. Kc2 e3 58. Kd1 Kd3 {Hoping for ...d4.} 59. Ne5+ Kc3 60. Ke2 Kb3 {...d4 is the strong threat.} 61. Kxe3 Kxa4 $11 {KN-K3P} 62. Kd4 Kb3 63. Kxd5 {KN-KPP} a4 {White must now prevent ...Kc3.} 64. Kc5 b6+ (64... a3 $5 65. Nd3 $8 Kc2 66. Nb4+ Kc3 $11) 65. Kb5 a3 66. Nd3 Kc2 (66... a2 $5 67. Nc1+ $8 Kc3 68. Nxa2+ Kd4 $11) 67. Nb4+ Kb3 68. Nd3 Kc2 (68... a2 $5 69. Nc1+ $8 Kc3 70. Nxa2+ Kd4 $11) 69. Nb4+ Kc3 (69... Kb3 $5) 70. Na2+ Kb2 71. Nb4 a2 {[#]} 72. Nxa2 $1 {[%mdl 512]} Kxa2 73. Kxb6 {Precision: White = 54%, Black = 46%.} 1/2-1/2

[Event "RUS-chT Premier League 2018"]
[Site "Sochi"]
[Date "2018.05.08"]
[Round "7"]
[White "Rublevsky, Sergei"]
[Black "Hasangatin, Ramil"]
[Result "1-0"]
[WhiteElo "2665"]
[BlackElo "2502"]
[Annotator "TA RC"]
[PlyCount "141"]
[EventDate "2018.??.??"]
[EventCountry "RUS"]
[SourceTitle "playchess.com"]
[Source "ChessBase"]
[SourceQuality "1"]

{[%evp 20,141,7,7,23,39,34,7,13,21,22,27,36,16,116,109,112,114,118,118,121,90,115,94,105,91,94,89,87,91,96,95,100,70,70,72,125,126,129,116,121,120,120,115,139,138,128,140,182,177,230,233,214,155,262,262,262,210,197,202,198,207,227,230,212,187,183,163,214,214,195,193,188,154,262,266,258,247,304,279,254,280,294,295,381,327,319,310,29950,29955,29952,0,0,0,29954,6450,1496,191,191,188,188,182,183,123,29972,29972,29970,29973,29972,29974,29971,29972,29974,29975,29979,29981,29981,29981,29984,29980,29980,29977,29980,29981]} 1. e4 c5 2. Nf3 Nc6 3. Bb5 g6 4. Bxc6 bxc6 5. O-O Bg7 6. Re1 Nf6 {[%cal Bg8f6,Bf6d5,Bd5c7,Bc7e6][%mdl 32]} 7. e5 Nd5 8. c4 Nc7 9. d4 cxd4 10. Qxd4 Ne6 11. Qh4 {LiveBook: 52 Games. B31: Sicilian: 2...Nc6 3 Bb5 g6} h5 (11... d6 12. exd6 Qxd6 13. Nc3 h5 14. Bd2 O-O 15. Ne4 Qc7 16. Bc3 f6 17. Qg3 Qxg3 18. hxg3 Rd8 {½-½ (56) Anand,V (2783)-Kasparov,G (2812) Saint Louis 2017}) 12. Nc3 d6 13. Rd1 $146 {White is slightly better.} ({Predecessor:} 13. exd6 Qxd6 14. Ne4 Qd8 15. Neg5 O-O 16. Nxe6 Bxe6 17. Bg5 Re8 18. h3 Qa5 {½-½ (18) Gagliardi,V (2148)-Bito,L (2115) ICCF email 2016}) 13... Rb8 14. exd6 exd6 15. Qxd8+ Kxd8 16. Ne4 $36 {[%mdl 2048] White has good play.} d5 (16... Kc7 $11 {remains equal.}) 17. cxd5 $16 cxd5 18. Rxd5+ Ke7 {...Bb7 is the strong threat.} 19. Ne5 {Hoping for Nc6+.} Rb6 20. b3 {Threatens to win with Ba3+.} Bb7 21. Rd7+ Ke8 22. Rxb7 Bxe5 23. Rxb6 axb6 24. Rb1 Kd7 25. Be3 f5 26. Nd2 b5 27. a4 f4 (27... Bc7 $142) 28. Bb6 Bd4 29. Bxd4 Nxd4 30. axb5 Nxb5 {[%mdl 4096] Endgame KRN-KRN} 31. Nf3 {Black must now prevent Ne5+.} Ke6 32. Re1+ Kd6 33. h4 Nc3 34. Ng5 Kd5 (34... Kd7 $142 35. Re6 Rg8) 35. Ne6 $18 f3 36. gxf3 Rb8 (36... Kd6 $16 {was worth a try.}) 37. Nf4+ Kd4 38. Re6 Rf8 39. Nxg6 Rxf3 40. Kg2 Rf5 41. Rd6+ Ke4 42. Rc6 Kd3 43. Rc8 Rf6 (43... Ne2 $142 44. Re8 Nd4 45. Re3+ Kc2) 44. Ne5+ Kc2 45. b4 Kb3 46. Nd3 Rd6 (46... Rg6+ $16 {might work better.} 47. Kh3 Rf6) 47. Nf4 Kxb4 48. Rh8 ({Less strong is} 48. Nxh5 Rh6 $16) 48... Kc4 49. Nxh5 Nd5 50. Kf3 Kd4 51. Re8 Rh6 52. Re4+ Kc5 53. Nf4 Nxf4 $2 (53... Nf6 $18 54. Re6 Ng8) 54. Rxf4 {KR-KR} ({Weaker is} 54. Kxf4 Rxh4+ 55. Kf5 Rh2 $16) 54... Kd5 55. Re4 $2 (55. Kg4 $1 {mates} Rh8 56. Rf5+ Ke6 57. h5 Rg8+ 58. Rg5 Rh8 59. Rg6+ Kf7 60. Rb6) 55... Rf6+ $1 $11 56. Rf4 $2 {[%mdl 8192]} (56. Ke3 $11 Rxf2 57. Ra4 (57. Kxf2 Kxe4 58. h5 Kf5 $11)) 56... Rh6 {[#]} 57. Kg4 $1 {[%cal Rg4g5]} Rh8 58. Kf5 $2 (58. h5 Rg8+ 59. Kf5 Rf8+ 60. Kg5 Rg8+ 61. Kf6 Rf8+ 62. Kg5 Rg8+ 63. Kf6 Rf8+ 64. Kg5) 58... Rf8+ $18 {[#]} 59. Kg5 $1 Rg8+ 60. Kh6 {aiming for Kh7.} Ke5 61. Ra4 ({Better is} 61. Rf3 $18) 61... Rh8+ $2 {[%mdl 8192]} (61... Kf5 $16 62. h5 Rb8) 62. Kg7 {White mates.} Rb8 63. h5 {[%cal Bh4h5,Bh5h6][%mdl 32]} Rb7+ 64. Kg6 Rb6+ 65. Kg5 Ke6 66. Rf4 Rb1 67. h6 Rh1 68. Kg6 Ke7 69. Rf7+ Ke6 70. Rf6+ Ke7 71. Kg7 {Precision: White = 79%, Black = 38%.} 1-0

[Event "RUS-chT Premier League 2018"]
[Site "Sochi"]
[Date "2018.05.08"]
[Round "7"]
[White "Zvjaginsev, Vadim"]
[Black "Pershin, Denis"]
[Result "1/2-1/2"]
[WhiteElo "2625"]
[BlackElo "2392"]
[Annotator "TA"]
[PlyCount "89"]
[EventDate "2018.??.??"]
[EventCountry "RUS"]
[SourceTitle "playchess.com"]
[Source "ChessBase"]
[SourceQuality "1"]

{[%evp 21,89,14,19,16,12,8,6,0,14,-9,0,0,4,0,0,0,5,0,5,2,5,6,5,5,5,0,0,0,0,0,0,0,9,5,9,9,10,0,0,0,0,0,0,0,0,0,0,0,0,0,0,0,0,0,0,0,0,0,0,0,0,0,0,0,0,0,0,0,0,0]} 1. e4 c6 2. Nc3 d5 3. Nf3 Bg4 4. h3 Bxf3 5. Qxf3 Nf6 6. d4 dxe4 7. Qe3 Nbd7 8. Nxe4 Nxe4 9. Qxe4 Nf6 {B11: Caro-Kann: Two Knights Variation} (9... g6 10. Be2 Bg7 11. O-O O-O 12. Rd1 Re8 13. c3 Qc7 14. d5 c5 15. Bf4 Be5 16. Be3 Rac8 17. a4 {½-½ (44) Bacrot,E (2715)-Ponomariov,R (2699) Biel 2017}) 10. Qd3 e6 11. Be2 Bd6 {LiveBook: 3 Games. The position is equal.} 12. O-O O-O 13. Bg5 $146 ({Predecessor:} 13. c4 h6 14. Be3 Bc7 15. g3 Qe7 16. Bf3 Rfd8 17. Qc2 {1-0 (37) Martin Duque,J (2394)-Veganzonez Rojo,D (2136) Madrid 2015}) 13... Re8 14. Rfd1 Qe7 15. Bf1 Rad8 16. Qf3 h6 17. Bh4 g5 18. Bg3 Bxg3 19. Qxg3 e5 20. dxe5 Rxd1 21. Rxd1 Qxe5 22. Qxe5 Rxe5 $11 {[%mdl 4096] Endgame KRB-KRN} 23. Bc4 Kf8 24. f3 {[%cal Bf2f3,Bf3f4][%mdl 32]} Ke7 25. Kf2 Ne8 26. Rd4 Nc7 27. f4 Ne6 28. Bxe6 Rxe6 {KR-KR} 29. Kf3 Re1 30. Rb4 b6 31. fxg5 hxg5 32. Re4+ Rxe4 33. Kxe4 {Black must now prevent Kf5. KP-KP} Ke6 34. b4 f5+ 35. Kd4 Kd6 36. a4 c5+ 37. bxc5+ bxc5+ 38. Ke3 Ke6 39. a5 a6 40. g3 Kf6 41. Kf3 Kg6 42. Kf2 Kf6 43. Ke3 Ke6 44. Ke2 Kf6 45. Ke3 {Precision: White = 74%, Black = 74%.} 1/2-1/2

[Event "RUS-chT Premier League 2018"]
[Site "Sochi"]
[Date "2018.05.08"]
[Round "7"]
[White "Alekseev, Evgeny"]
[Black "Inarkiev, Ernesto"]
[Result "1/2-1/2"]
[WhiteElo "2622"]
[BlackElo "2686"]
[Annotator "TA"]
[PlyCount "72"]
[EventDate "2018.??.??"]
[EventCountry "RUS"]
[SourceTitle "playchess.com"]
[Source "ChessBase"]
[SourceQuality "1"]

{[%evp 15,72,29,21,15,35,13,20,-16,0,-12,-8,-85,-71,-91,-34,-24,0,0,-2,-3,0,0,0,-13,0,0,0,8,0,0,11,8,11,11,20,0,0,9,6,-8,0,0,0,0,0,0,0,0,0,0,0,0,0,0,0,0,0,0,0]} 1. e4 e5 2. Nf3 Nc6 3. Bb5 a6 4. Ba4 Nf6 5. O-O Be7 6. d3 d6 7. c3 O-O 8. h3 {C84: Closed Ruy Lopez: Unusual White 6th moves} Re8 {LiveBook: 7 Games} 9. Be3 Bf8 10. Nbd2 {White is slightly better.} h6 11. Bxc6 $146 ({Predecessor:} 11. Re1 b5 12. Bb3 Na5 13. Bc2 c5 14. d4 Qc7 15. d5 Bd7 {0-1 (74) Bartel,M (2622)-Fressinet,L (2702) Berlin 2015}) 11... bxc6 12. b4 a5 {White should prevent ...axb4.} 13. Nc4 (13. a3 $11 {keeps the balance.}) 13... axb4 $17 14. cxb4 Ba6 ({Better is} 14... Be6 $17 15. Qc2 Bxc4 16. Qxc4 d5 17. Qxc6 Ra3) 15. Qb3 $1 $15 Qc8 16. Rfc1 {The position is equal.} Rb8 17. Qc3 d5 18. Ncxe5 Bxb4 19. Qc2 ({Much worse is} 19. Qxc6 Ba3 $17) 19... Ba3 20. Rd1 Bb2 {[#] White must now prevent ...dxe4.} 21. Nxc6 Bxa1 22. Nxb8 Qxb8 23. Rxa1 dxe4 24. dxe4 Rxe4 25. Bd4 {[#] And now Bxf6 would win.} Re2 26. Qa4 Re6 27. Rc1 Qb7 28. Bxf6 Rxf6 29. Qd7 c5 30. Qe8+ Kh7 31. Rxc5 Re6 32. Qa4 Qb1+ 33. Kh2 Qb8+ 34. Kg1 Qb1+ 35. Kh2 Qb8+ 36. Kg1 Qb1+ {Precision: White = 52%, Black = 65%.} 1/2-1/2

[Event "RUS-chT Premier League 2018"]
[Site "Sochi"]
[Date "2018.05.08"]
[Round "7"]
[White "Kobalia, Mikhail"]
[Black "Maletin, Pavel"]
[Result "1/2-1/2"]
[WhiteElo "2601"]
[BlackElo "2572"]
[Annotator "TA"]
[PlyCount "81"]
[EventDate "2018.??.??"]
[EventCountry "RUS"]
[SourceTitle "playchess.com"]
[Source "ChessBase"]
[SourceQuality "1"]

{[%evp 23,81,0,7,0,0,0,0,0,6,0,19,12,8,3,11,-8,-5,-6,-6,-6,-7,-87,-86,-141,-131,-126,-130,-141,-130,-137,-129,-135,-50,-64,-16,-12,0,-10,8,0,0,-1,-1,-1,-2,-2,-2,-2,0,0,0,0,0,0,0,0,0,0,0,0]} 1. e4 e5 2. Nf3 Nc6 3. Bb5 a6 4. Ba4 Nf6 5. O-O Be7 6. d3 b5 7. Bb3 d6 8. a3 {C84: Closed Ruy Lopez: Unusual White 6th moves} Na5 9. Ba2 c5 10. Nc3 Be6 11. Bg5 O-O 12. b4 Nc6 {LiveBook: 5 Games} 13. Bxf6 Bxf6 14. Nd5 g6 {[#]} 15. c3 $146 ({Predecessor:} 15. Qd2 Bg4 16. Qe3 Nd4 17. Nxd4 cxd4 {½-½ (39) Movsesian,S (2700)-Mista,A (2582) Czechia 2014}) 15... Bg7 16. Qe2 Kh8 17. a4 Rb8 18. axb5 axb5 19. Nd2 cxb4 20. Nxb4 Nxb4 21. cxb4 d5 22. Qf3 (22. Rfd1 $11) 22... Ra8 $17 {aiming for ...dxe4.} 23. Bb3 {[#]} ({Avoid the trap} 23. exd5 $2 Rxa2 $1 {[%mdl 512]} 24. dxe6 Rxd2 $19) (23. Qd1 $142) 23... Rxa1 $1 24. Rxa1 dxe4 25. Qxe4 Bf5 26. Qd5 {White wants to play Ne4.} e4 27. Rd1 exd3 (27... Qxd5 $17 28. Bxd5 exd3) 28. Qxb5 $15 Qd4 29. h3 {The position is equal.} Qc3 30. g4 {[%cal Bg2g4,Bg4f5][%mdl 32]} Bh6 31. gxf5 Bxd2 32. Qc5 $132 {[%cal Rc5f8][%mdl 2048] White is not keeping still} Qxb4 33. Qxb4 Bxb4 34. Rxd3 $11 {[%mdl 4096] Endgame KRB-KRB} Kg7 35. fxg6 hxg6 36. Rd7 Kf6 37. Rb7 Be7 38. Rb6+ Kg7 39. Rb7 Kf6 40. Rb6+ Kg7 41. Rb7 {Precision: White = 56%, Black = 58%.} 1/2-1/2

[Event "RUS-chT Premier League 2018"]
[Site "Sochi"]
[Date "2018.05.08"]
[Round "7"]
[White "Bocharov, Dmitry"]
[Black "Esipenko, Andrey"]
[Result "1/2-1/2"]
[WhiteElo "2594"]
[BlackElo "2587"]
[Annotator "TA"]
[PlyCount "100"]
[EventDate "2018.??.??"]
[EventCountry "RUS"]
[SourceTitle "playchess.com"]
[Source "ChessBase"]
[SourceQuality "1"]

{[%evp 14,100,21,16,69,66,54,73,68,60,84,25,23,26,55,52,45,40,35,34,36,34,38,37,32,0,0,0,0,0,0,0,0,0,0,-13,0,0,24,20,50,54,58,61,80,20,15,0,0,0,0,0,0,-41,-24,-32,-34,-31,-33,-39,-40,-55,-55,-68,-31,-44,-4,-22,-15,-30,0,0,0,0,0,0,0,0,0,0,0,0,7,12,0,0,5,0,17]} 1. d4 Nf6 2. c4 e6 3. Nf3 b6 4. g3 Ba6 5. Qb3 Nc6 6. Nbd2 Na5 7. Qc3 {E15: Queen's Indian: 4 g3 sidelines, 4 g3 Ba6 and 4 g3 Bb7 early deviations} d5 8. c5 {LiveBook: 7 Games} Rc8 $146 (8... Rb8 $11) ({Predecessor:} 8... Rb8 9. Ne5 Nd7 10. Nxd7 Qxd7 11. b4 Nc4 12. e3 bxc5 13. dxc5 Nxd2 14. Bxd2 Bxf1 15. Kxf1 {½-½ (55) Romanov,E (2635)-Zhigalko,S (2647) Kishinev 2016}) 9. Ne5 {White is slightly better.} Nd7 10. Nxd7 Qxd7 11. b4 Nc4 12. e3 ({Better is} 12. e4 $16) 12... Bb7 $11 13. Be2 b5 14. a4 {Hoping for axb5.} a6 15. axb5 axb5 16. Ra7 Bc6 17. O-O Be7 18. Bb2 f6 19. Nxc4 dxc4 20. f3 O-O 21. e4 Ra8 22. Rfa1 Rxa7 23. Rxa7 Bd8 24. g4 Qf7 25. Ra6 Bd7 26. f4 Bc8 27. Ra7 f5 28. gxf5 $1 exf5 {[#]} 29. e5 (29. d5 $1 $16) 29... Be6 $1 {[%cal Bc8e6,Be6d5,Bd5e4][%mdl 32]} 30. Qg3 Bd5 31. Bf3 Be4 $1 32. Ra1 Qd5 33. Bxe4 fxe4 34. Rf1 Rf5 35. Bc3 g6 36. Qe3 Bh4 37. Qh3 Be7 38. Qe3 Kf7 39. Re1 Ke6 40. Ra1 Rh5 41. Qg3 e3 42. Re1 {The position is equal.} Rf5 43. Rxe3 ({Don't play} 43. Qxe3 Kf7 $16) 43... Kd7 44. Re1 Kc6 45. Bb2 Kd7 46. Qe3 Ke6 47. Ra1 Qc6 48. Rd1 {[#] Threatens to win with d5+.} Qd5 49. Ra1 Qc6 50. Rd1 {And now d5+ would win.} Qd5 {Precision: White = 49%, Black = 66%.} 1/2-1/2